[Event "Plzen, FSB C"]
[Site "?"]
[Date "2003.??.??"]
[Round "9.8"]
[White "Rouc, M."]
[Black "Pokomandy, M."]
[Result "0-1"]
[WhiteElo "1793"]
[BlackElo "1754"]
[PlyCount "80"]
[EventDate "2003.??.??"]
[Source "ChessBase"]
[SourceDate "1996.11.15"]

1. e4 e5 2. Nf3 Nc6 3. Bc4 Bc5 4. b4 Bxb4 5. c3 Bc5 6. d4 exd4 7. O-O Na5 8.
Bxf7+ Kxf7 9. cxd4 Be7 10. Ne5+ Kf8 11. f4 Nf6 12. Nc3 d6 13. d5 b6 14. Nf3 h6
15. e5 Nd7 16. e6 Nf6 17. Nh4 Rh7 18. Qd3 Kg8 19. Ng6 Qe8 20. f5 Ng4 21. Ne4
Ne5 22. Nxe5 dxe5 23. f6 gxf6 24. Rxf6 Kh8 25. Rxh6 Rxh6 26. Bxh6 Qg6 27. Bd2
Ba6 28. Qe3 Nc4 29. Qe1 Nxd2 30. Nxd2 Bb7 31. Nf3 Qg7 32. Rd1 Rg8 33. Qe2 Ba6
34. Qd2 e4 35. Ne5 Kh7 36. Nf7 e3 37. Qc2+ Qg6 38. Qxg6+ Kxg6 39. Re1 e2 40.
Kf2 Bb4 0-1

[Event "Plzen, FSB C"]
[Site "?"]
[Date "2003.??.??"]
[Round "9.9"]
[White "Kral, P."]
[Black "Soukup, A."]
[Result "1-0"]
[WhiteElo "1773"]
[BlackElo "1943"]
[PlyCount "77"]
[EventDate "2003.??.??"]
[Source "ChessBase"]
[SourceDate "1996.11.15"]

1. e4 c5 2. c3 Nf6 3. e5 Nd5 4. d4 e6 5. Nf3 cxd4 6. cxd4 Nc6 7. a3 Qb6 8. Bc4
d6 9. O-O h6 10. Nc3 Nxc3 11. bxc3 dxe5 12. dxe5 Bc5 13. Qe2 O-O 14. Qe4 h5 15.
Bd3 g6 16. Bg5 Ne7 17. Bf6 Nd5 18. Nh4 Nxf6 19. exf6 Qc6 20. Qf4 e5 21. Qg5 Be7
22. fxe7 Re8 23. Nxg6 fxg6 24. Bxg6 Rxe7 25. Qxe7 Qxg6 26. Qxe5 Kh7 27. Rfe1
Bf5 28. Qe7+ Kh6 29. Qxb7 Rg8 30. g3 h4 31. Re7 h3 32. Rae1 Rd8 33. Qc7 Rd6 34.
Qc4 Qf6 35. Rf7 Qg5 36. Qc5 Qd2 37. Qe3+ Kg6 38. Qxd2 Rxd2 39. Rxa7 1-0

[Event "Plzen, FSB C"]
[Site "?"]
[Date "2003.??.??"]
[Round "9.10"]
[White "Bartonicek jr., Z."]
[Black "Dvorak, M."]
[Result "0-1"]
[WhiteElo "1750"]
[BlackElo "1802"]
[PlyCount "60"]
[EventDate "2003.??.??"]
[Source "ChessBase"]
[SourceDate "1996.11.15"]

1. e4 c5 2. Nf3 Nc6 3. d4 cxd4 4. Nxd4 g6 5. Be3 Bg7 6. c3 Nf6 7. Nxc6 bxc6 8.
Bd3 d6 9. O-O O-O 10. Nd2 Ng4 11. Qe2 Nxe3 12. Qxe3 Qc7 13. Bc2 c5 14. Bd3 Rb8
15. Rab1 Bd7 16. Rfe1 Rb7 17. Bc4 Rfb8 18. b3 a5 19. Qd3 Bh6 20. Nf1 Bb5 21.
Bxb5 Rxb5 22. Qc2 c4 23. Red1 Qb6 24. Rd5 cxb3 25. Qd1 b2 26. Rxb5 Qxb5 27. a4
Qb3 28. Qxb3 Rxb3 29. f3 Bc1 30. Ng3 Ra3 0-1

[Event "Plzen, FSB C"]
[Site "?"]
[Date "2003.??.??"]
[Round "9.11"]
[White "Albrecht, J."]
[Black "Hadac, P."]
[Result "1-0"]
[WhiteElo "1695"]
[BlackElo "1744"]
[PlyCount "49"]
[EventDate "2003.??.??"]
[Source "ChessBase"]
[SourceDate "1996.11.15"]

1. e4 d5 2. exd5 Nf6 3. Bb5+ Bd7 4. Bxd7+ Nbxd7 5. c4 Nb6 6. d3 Qd6 7. Nf3 e5
8. O-O O-O-O 9. Be3 Re8 10. Nc3 a6 11. c5 Qd7 12. cxb6 c6 13. dxc6 Qxc6 14. Rc1
Kb8 15. Ne4 Qd5 16. Qc2 Be7 17. Qc7+ Ka8 18. Nxf6 gxf6 19. Qc4 Qd7 20. Rc3 Bd6
21. Rfc1 Rhg8 22. g3 Rg4 23. Qd5 Rd8 24. Bc5 Qb5 25. Bxd6 1-0

[Event "Plzen, FSB C"]
[Site "?"]
[Date "2003.??.??"]
[Round "9.13"]
[White "Strejcek, P."]
[Black "Soutner, J."]
[Result "1/2-1/2"]
[WhiteElo "1628"]
[BlackElo "1695"]
[PlyCount "54"]
[EventDate "2003.??.??"]
[Source "ChessBase"]
[SourceDate "1996.11.15"]

1. d4 Nf6 2. c4 e6 3. Nf3 d5 4. g3 dxc4 5. Qa4+ Nbd7 6. Qxc4 a6 7. Bg2 b5 8.
Qc2 Bb7 9. Nbd2 c5 10. dxc5 Bxc5 11. O-O Rc8 12. Qd1 O-O 13. b3 Qb6 14. e3 Rfd8
15. Bb2 Ng4 16. Bd4 Bxd4 17. Nxd4 Bxg2 18. Kxg2 Nde5 19. Qe2 Rc7 20. N2f3 Rdc8
21. Rfd1 Qb7 22. Kg1 h6 23. Rd2 Qd5 24. Rad1 Rc1 25. Nxe5 Nxe5 26. Rxc1 Rxc1+
27. Rd1 Rc7 {partie skoncila v 70. tahu} 1/2-1/2

[Event "Plzen, FSB C"]
[Site "?"]
[Date "2003.??.??"]
[Round "9.15"]
[White "Pekar, F."]
[Black "Huttner, M."]
[Result "1-0"]
[WhiteElo "1889"]
[BlackElo "1674"]
[PlyCount "74"]
[EventDate "2003.??.??"]
[Source "ChessBase"]
[SourceDate "1996.11.15"]

1. b3 e5 2. Bb2 Nc6 3. g3 d5 4. Bg2 f5 5. e3 Nf6 6. Ne2 Be7 7. a3 Be6 8. d3 O-O
9. Nd2 Qe8 10. b4 b5 11. O-O Nh5 12. Rc1 f4 13. exf4 exf4 14. Nf3 Bd6 15. Ng5
f3 16. Bxf3 Rxf3 17. Nxf3 Bg4 18. Kg2 Qf8 19. Neg1 Qf7 20. h3 Bd7 21. Qd2 Rf8
22. Rce1 h6 23. Ne5 Nxe5 24. Bxe5 Bxe5 25. Rxe5 Qg6 26. Kh2 Nf6 27. Qe2 Re8 28.
Rxe8+ Qxe8 29. Qxe8+ Nxe8 30. Re1 Kf7 31. Nf3 Nd6 32. Ne5+ Ke6 33. Nxd7+ Kxd7
34. g4 g5 35. Kg3 Nf7 36. f4 Kd6 37. f5 Ne5 1-0

[Event "Plzen, FSB C"]
[Site "?"]
[Date "2003.??.??"]
[Round "9.16"]
[White "Koubek, J."]
[Black "Pechat, J."]
[Result "0-1"]
[WhiteElo "1612"]
[BlackElo "1758"]
[PlyCount "82"]
[EventDate "2003.??.??"]
[Source "ChessBase"]
[SourceDate "1996.11.15"]

1. e4 c5 2. Nf3 Nc6 3. d4 cxd4 4. Nxd4 d6 5. Be3 Nf6 6. f3 e6 7. Nc3 Be7 8.
Nxc6 bxc6 9. Bd3 Qa5 10. O-O O-O 11. Qd2 Nd7 12. f4 d5 13. Nxd5 Qd8 14. Nxe7+
Qxe7 15. e5 a5 16. Rf3 Rd8 17. Qf2 f5 18. exf6 Nxf6 19. Qh4 Rd7 20. Rh3 h6 21.
Rg3 Ba6 22. Rf3 Kf8 23. Bxa6 Rxa6 24. Qf2 Kg8 25. Re1 Qd8 26. c3 a4 27. Bd4 Rd6
28. h3 Ra8 29. Rfe3 Qd7 30. Bxf6 gxf6 31. Qe2 Rd2 32. Qg4+ Kh8 33. R3e2 Rg8 34.
Qh5 Kh7 35. Kh1 Rg7 36. Qf3 Rd3 37. Re3 Rd2 38. R1e2 Rd1+ 39. Kh2 a3 40. bxa3
Qa7 41. Rxe6 Qg1# 0-1

[Event "Plzen, FSB C"]
[Site "?"]
[Date "2003.??.??"]
[Round "9.17"]
[White "Zach, T."]
[Black "Machalek, M."]
[Result "1-0"]
[WhiteElo "1729"]
[BlackElo "1662"]
[PlyCount "51"]
[EventDate "2003.??.??"]
[Source "ChessBase"]
[SourceDate "1996.11.15"]

1. d4 Nf6 2. Bg5 h6 3. Bxf6 exf6 4. e3 b6 5. Nf3 Be7 6. Be2 Bb7 7. c4 d5 8. Nc3
dxc4 9. d5 O-O 10. Bxc4 Nd7 11. Nd4 Ne5 12. Qe2 Bb4 13. e4 Re8 14. Bb5 Rf8 15.
Rd1 a6 16. Bc6 Bxc6 17. Nxc6 Nxc6 18. dxc6 Qc8 19. Rd7 Rd8 20. Qg4 Bxc3+ 21.
bxc3 h5 22. Qf5 g6 23. Qd5 Rxd7 24. cxd7 Qd8 25. Qc6 Qe7 26. Qxa8+ 1-0

[Event "Plzen, FSB C"]
[Site "?"]
[Date "2003.??.??"]
[Round "9.18"]
[White "Vojir sr., V."]
[Black "Fairaisl, D."]
[Result "1/2-1/2"]
[WhiteElo "1645"]
[BlackElo "1699"]
[PlyCount "87"]
[EventDate "2003.??.??"]
[Source "ChessBase"]
[SourceDate "1996.11.15"]

1. d4 Nf6 2. Bf4 g6 3. h3 Bg7 4. c3 d6 5. Nf3 O-O 6. e3 c5 7. Bd3 Nbd7 8. O-O
b6 9. Nbd2 Re8 10. Ne4 Qc7 11. Qb1 Bb7 12. Nfd2 Qc6 13. a4 Nh5 14. Bb5 Qc7 15.
Bh2 f5 16. Ng5 Bf6 17. Bc4+ Kh8 18. Ne6 Qc6 19. d5 Qc8 20. e4 Rg8 21. exf5 Ne5
22. Bxe5 Bxe5 23. f4 gxf5 24. fxe5 Qxe6 25. Rxf5 Bxd5 26. Bxd5 Qxd5 27. Qe4
Qxe4 28. Nxe4 Ng7 29. Rf7 d5 30. Ng5 h6 31. Nf3 e6 32. Nh4 Kh7 33. Raf1 a6 34.
R1f6 Rae8 35. Ra7 b5 36. Rxa6 bxa4 37. Rxa4 Rgf8 38. Rxf8 Rxf8 39. Nf3 Rb8 40.
b4 cxb4 41. cxb4 Nf5 42. Kf2 h5 43. Ke2 Kg6 44. Kd3 1/2-1/2

[Event "Plzen, FSB C"]
[Site "?"]
[Date "2003.??.??"]
[Round "9.21"]
[White "Bolek, M."]
[Black "Dostal, K."]
[Result "1/2-1/2"]
[WhiteElo "1524"]
[BlackElo "1415"]
[PlyCount "65"]
[EventDate "2003.??.??"]
[Source "ChessBase"]
[SourceDate "1996.11.15"]

1. e4 e5 2. Nf3 Nc6 3. Bb5 a6 4. Ba4 Nf6 5. O-O Be7 6. Re1 b5 7. Bb3 d6 8. c3
O-O 9. h3 Nb8 10. d4 exd4 11. cxd4 Bb7 12. Bc2 c5 13. b3 Nc6 14. Bb2 Nb4 15.
Nc3 Nxc2 16. Qxc2 Rc8 17. d5 Re8 18. Ne2 Nd7 19. Ng3 g6 20. Qd2 Bf6 21. Rac1
Ne5 22. Bxe5 Bxe5 23. Qh6 Bg7 24. Qf4 Qf6 25. Qxf6 Bxf6 26. Nd2 Bg5 27. Rc2 Bh6
28. Re2 Re7 29. a4 Rce8 30. Ndf1 Bg7 31. f4 f6 32. f5 Bc8 33. Ne3 1/2-1/2

[Event "Plzen, FSB C"]
[Site "?"]
[Date "2003.??.??"]
[Round "9.22"]
[White "Kotesovec, D."]
[Black "Kanka, J."]
[Result "0-1"]
[WhiteElo "1555"]
[BlackElo "1654"]
[PlyCount "92"]
[EventDate "2003.??.??"]
[Source "ChessBase"]
[SourceDate "1996.11.15"]

1. Nf3 Nf6 2. g3 g6 3. Bg2 Bg7 4. O-O O-O 5. d4 d6 6. c4 c5 7. e3 cxd4 8. exd4
Qc7 9. b3 e6 10. Bb2 Nc6 11. Nc3 Ne7 12. Rc1 Rb8 13. Ba3 b6 14. Nb5 Qd8 15.
Bxd6 Rb7 16. Ba3 a6 17. Nd6 Rd7 18. Nxc8 Qxc8 19. Ne5 Ra7 20. c5 bxc5 21. Bxc5
Rc7 22. b4 Re8 23. Qa4 Nfd5 24. b5 axb5 25. Qxb5 Nf5 26. Rfd1 Nxd4 27. Rxd4
Bxe5 28. Rdc4 Qb8 29. Qxb8 Rxb8 30. Bxd5 exd5 31. Ra4 Rbc8 32. Ra5 Bd6 33. a4
Rxc5 34. Raxc5 Rxc5 35. Rxc5 Bxc5 36. Kf1 Kf8 37. Ke2 Ke7 38. f3 Kd6 39. Kd3 h5
40. h3 f5 41. Kc3 g5 42. g4 fxg4 43. hxg4 h4 44. f4 gxf4 45. g5 Ke6 46. Kd3 h3
0-1